Computer Supported Design of Logistic Production Technology
Experimentálne overenie výroby inovatívneho tvaru odkvapovej hlavy (gutter head). Návrh potrebných nástrojov. Logistický systém, strihanie, ťahanie, konštrukcia tvárniacich nástrojov.
Gespeichert in:
| 1. Verfasser: | |
|---|---|
| Weitere Verfasser: | , , , |
| Format: | Buchkapitel |
| Sprache: | Englisch |
| Schlagworte: | |
| Tags: |
Keine Tags, Fügen Sie das erste Tag hinzu!
|
MARC
| LEADER | 00000naa a2200000 4500 | ||
|---|---|---|---|
| 001 | 0253565 | ||
| 005 | 20240502083725.1 | ||
| 041 | 0 | |a eng | |
| 044 | |a RS | ||
| 245 | 1 | 0 | |a Computer Supported Design of Logistic Production Technology |c Naqibullah Daneshjo, Erika Dudáš Pajerská, Zuzana Hajduova, Jozef Gajdoš, Enayat Danishjoo |
| 520 | |a Experimentálne overenie výroby inovatívneho tvaru odkvapovej hlavy (gutter head). Návrh potrebných nástrojov. Logistický systém, strihanie, ťahanie, konštrukcia tvárniacich nástrojov. | ||
| 610 | 2 | 0 | |a priemysel strojársky |
| 610 | 2 | 0 | |a systémy logistické |
| 610 | 2 | 0 | |a nástroje výrobné |
| 610 | 2 | 0 | |a výroba |
| 610 | 2 | 0 | |a výrobky |
| 610 | 2 | 0 | |a experimenty |
| 610 | 2 | 0 | |a konštrukcia |
| 610 | 2 | 0 | |a dizajn priemyselný |
| 610 | 2 | 0 | |a dizajn |
| 610 | 2 | 0 | |a počítače |
| 610 | 2 | 0 | |a využitie počítačov |
| 610 | 2 | 0 | |a inovácia výrobkov |
| 100 | 1 | |a Daneshjo, Naqibullah, 1964- | |
| 700 | 1 | |a Dudáš-Pajerská, Erika, 1988- | |
| 700 | 1 | |a Hajduová, Zuzana, 1974- | |
| 700 | 1 | |a Gajdoš, Jozef, 1962-2025 | |
| 700 | 1 | |a Danishjoo, Enayat | |